High speed Optical Communication Systems. (Record no. 5182)

MARC details
000 -LEADER
fixed length control field 00583nam a22001937a 4500
003 - CONTROL NUMBER IDENTIFIER
control field OSt
005 - DATE AND TIME OF LATEST TRANSACTION
control field 20160913132924.0
008 - FIXED-LENGTH DATA ELEMENTS--GENERAL INFORMATION
fixed length control field 160913b xxu||||| |||| 00| 0 eng d
020 ## - INTERNATIONAL STANDARD BOOK NUMBER
International Standard Book Number 978369041279
040 ## - CATALOGING SOURCE
Transcribing agency DDC.
082 ## - DEWEY DECIMAL CLASSIFICATION NUMBER
Classification number 384IBR 2008.
100 ## - MAIN ENTRY--PERSONAL NAME
Personal name Ibrahim Selwan,k;
9 (RLIN) 11033
245 ## - TITLE STATEMENT
Title High speed Optical Communication Systems.
Remainder of title Study of Multilevel Modulation Formats.
260 ## - PUBLICATION, DISTRIBUTION, ETC. (IMPRINT)
Place of publication, distribution, etc. Germany.
Name of publisher, distributor, etc. VDM Verlag Dr.Muller.
Date of publication, distribution, etc. 2008.
300 ## - PHYSICAL DESCRIPTION
Extent 97p;
Other physical details ill;
Dimensions 27cm.
504 ## - BIBLIOGRAPHY, ETC. NOTE
Bibliography, etc includes bibliography and index.
650 ## - SUBJECT ADDED ENTRY--TOPICAL TERM
Topical term or geographic name as entry element Communication systems.
9 (RLIN) 11034
942 ## - ADDED ENTRY ELEMENTS (KOHA)
Source of classification or shelving scheme Dewey Decimal Classification
Koha item type Open Shelf
Holdings
Withdrawn status Lost status Source of classification or shelving scheme Damaged status Not for loan Home library Current library Date acquired Source of acquisition Inventory number Total Checkouts Full call number Barcode Date last seen Price effective from Koha item type
    Dewey Decimal Classification     MUST Main Library MUST Main Library 13/09/2016   11/33420   384IBR 2008. 2016-4121 13/09/2016 13/09/2016 Open Shelf
    Dewey Decimal Classification     MUST Main Library MUST Main Library 04/09/2024 Purchase 11/33417   384IBR 2008. 2024-22311 04/09/2024 04/09/2024 Open Shelf